Income-tax Ready Reckoner: Assessment Year 1998-99 (Record no. 24188)
[ view plain ]
| 000 -LEADER | |
|---|---|
| fixed length control field | 00466nam a2200181Ia 4500 |
| 008 - FIXED-LENGTH DATA ELEMENTS--GENERAL INFORMATION | |
| fixed length control field | 220531s9999 xx 000 0 und d |
| 041 ## - LANGUAGE CODE | |
| Language code of text/sound track or separate title | eng |
| 082 ## - DEWEY DECIMAL CLASSIFICATION NUMBER | |
| Classification number | 336.24 |
| Item number | MEH |
| 100 ## - MAIN ENTRY--PERSONAL NAME | |
| Personal name | Mehta ,. N. V. |
| 9 (RLIN) | 40226 |
| 245 ## - TITLE STATEMENT | |
| Title | Income-tax Ready Reckoner: Assessment Year 1998-99 |
| 250 ## - EDITION STATEMENT | |
| Edition statement | 1ST |
| 260 ## - PUBLICATION, DISTRIBUTION, ETC. (IMPRINT) | |
| Place of publication, distribution, etc. | Mumbai |
| Name of publisher, distributor, etc. | Shri Kuber |
| Date of publication, distribution, etc. | 1998 |
| 300 ## - PHYSICAL DESCRIPTION | |
| Extent | 352 |
| 542 ## - INFORMATION RELATING TO COPYRIGHT STATUS | |
| Copyright holder | 27-01-1999 |
| 650 ## - SUBJECT ADDED ENTRY--TOPICAL TERM | |
| Topical term or geographic name as entry element | Taxation |
| 9 (RLIN) | 40227 |
| 906 ## - LOCAL DATA ELEMENT F, LDF (RLIN) | |
| d | 1998-1999 |
| f | 6861 |
| Withdrawn status | Lost status | Source of classification or shelving scheme | Damaged status | Not for loan | Collection code | Home library | Current library | Date acquired | Vendor | Cost, normal purchase price | Total Checkouts | Total Holds | Full call number | Barcode | Date last seen | Bill Date | Koha item type | Original Barcode |
|---|---|---|---|---|---|---|---|---|---|---|---|---|---|---|---|---|---|---|
| Dewey Decimal Classification | Shri Siddhivinayak Mahila Mahavidyalaya | Shri Siddhivinayak Mahila Mahavidyalaya | 27/01/1999 | Ajit | 260.00 | 1 | 336.24/MEH/B/5172 | SSMM-BK-5172 | 06/08/2022 | 06/08/2022 | Books | 010005172 |